Discrete mathematics and its applications (Record no. 63654)

000 -LEADER
fixed length control field 00531nam a22001937a 4500
003 - CONTROL NUMBER IDENTIFIER
control field NUST - PNEC
005 - DATE AND TIME OF LATEST TRANSACTION
control field 20170116180819.0
008 - FIXED-LENGTH DATA ELEMENTS--GENERAL INFORMATION
fixed length control field 150615b xxu||||| |||| 00| 0 eng d
020 ## - INTERNATIONAL STANDARD BOOK NUMBER
International Standard Book Number 8174091955
040 ## - CATALOGING SOURCE
Transcribing agency LIBRARY
082 ## - DEWEY DECIMAL CLASSIFICATION NUMBER
Classification number 511 ROS
100 ## - MAIN ENTRY--PERSONAL NAME
9 (RLIN) 3948
Personal name Rosen, Kenneth H.
245 ## - TITLE STATEMENT
Title Discrete mathematics and its applications
Statement of responsibility, etc. Kenneth H .Rosen
250 ## - EDITION STATEMENT
Edition statement 5th ed
260 ## - PUBLICATION, DISTRIBUTION, ETC.
Place of publication, distribution, etc. New Delhi
Name of publisher, distributor, etc. Tata Mcgraw-hill publishing company
Date of publication, distribution, etc. c2003.
300 ## - PHYSICAL DESCRIPTION
Extent 787 p. :
650 ## - SUBJECT ADDED ENTRY--TOPICAL TERM
9 (RLIN) 3951
Topical term or geographic name entry element Mathematics
General subdivision ME
942 ## - ADDED ENTRY ELEMENTS (KOHA)
Source of classification or shelving scheme
Koha item type Book
Holdings
Withdrawn status Lost status Source of classification or shelving scheme Damaged status Not for loan Permanent Location Current Location Shelving location Date acquired Source of acquisition Cost, normal purchase price Total Checkouts Full call number Barcode Date last seen Cost, replacement price Price effective from Koha item type
          Pakistan Navy Engineering College (PNEC) Pakistan Navy Engineering College (PNEC)   03/31/2005 Paramount Publishing Enterprise / Library / Reference Grant 588.00   511 ROS PNECLIB-027249 06/15/2015 588.00 03/31/2005 Book
© 2023 Central Library, National University of Sciences and Technology. All Rights Reserved.